Microwave Communication
Uloženo v:
| Hlavní autor: | |
|---|---|
| Médium: | Kniha |
| Jazyk: | Undetermined |
| Vydáno: |
Tokyo
Maruzen Company
1963
|
| Témata: | |
| Tagy: |
Přidat tag
Žádné tagy, Buďte první, kdo otaguje tento záznam!
|
| Thư viện lưu trữ: | Trung tâm Học liệu Trường Đại học Cần Thơ |
|---|
| LEADER | 00476nam a2200181Ia 4500 | ||
|---|---|---|---|
| 001 | CTU_99028 | ||
| 008 | 210402s9999 xx 000 0 und d | ||
| 082 | |a 621.382 | ||
| 082 | |b Y55 | ||
| 100 | |a Yonezawa, S. | ||
| 245 | 0 | |a Microwave Communication | |
| 245 | 0 | |c S. Yonezawa, N. Tanaka | |
| 260 | |a Tokyo | ||
| 260 | |b Maruzen Company | ||
| 260 | |c 1963 | ||
| 650 | |a Microwave communication | ||
| 904 | |i Hiếu | ||
| 980 | |a Trung tâm Học liệu Trường Đại học Cần Thơ | ||